[Event "East Lansing (MI Op/2/4)"]
[Site "?"]
[Date "1995.??.??"]
[Round "?"]
[White "Rajlich, Vasik"]
[Black "Zaremba, Andrei"]
[Result "1/2-1/2"]
[WhiteElo "2255"]
[BlackElo "2040"]
[PlyCount "125"]
[EventDate "1995.??.??"]

{2/(4)} 1. e4 c5 2. Nf3 Nc6 3. d4 cxd4 4. Nxd4 e6 5. Nb5 d6 6. c4 Nf6 7. N5c3
Be7 8. Be2 O-O 9. g4 d5 10. exd5 exd5 11. Nxd5 Nxd5 12. cxd5 Bb4+ 13. Nc3 Ne7
14. Bf3 Qa5 15. Qd4 Rd8 16. Bd2 Nc6 17. Qe4 Ne7 18. O-O Nxd5 19. Nxd5 Bxd2 20.
b4 Qa4 21. Rad1 Bg5 22. Nc7 Rb8 23. Rfe1 Bd7 24. Qe5 Bf6 25. Qf4 Bc6 26. Nd5
Bxd5 27. Bxd5 h6 28. h4 Bxh4 29. Bb3 Qb5 30. a4 Qc6 31. Qxf7+ Kh8 32. Rc1 Qf6
33. Qxf6 Bxf6 34. f4 Rd4 35. Rc4 Rxc4 36. Bxc4 Rc8 37. Bd5 b6 38. Kg2 Rd8 39.
Bf7 Rd7 40. Bg6 Rd8 41. Rc1 a5 42. bxa5 bxa5 43. Rc5 Ra8 44. Be4 Re8 45. Kf3
Bd8 46. Bg6 Rf8 47. Ke4 Bb6 48. Rc6 Bf2 49. Ra6 Be1 50. Ke5 Bd2 51. f5 Kg8 52.
Ra7 Bc3+ 53. Ke6 Rf6+ 54. Kd5 Rf8 55. Kc6 Bb4 56. Rd7 Rc8+ 57. Kb7 Rf8 58. Rd5
Rf6 59. Re5 Rf8 60. Be8 Rf6 61. Bb5 Rd6 62. Bc4+ Kf8 63. Rd5 1/2-1/2

[Event "Detroit (WCO/4/1) [B66"]
[Site "?"]
[Date "1995.??.??"]
[Round "?"]
[White "Rajlich, Vasik"]
[Black "Zaremba, Andrei"]
[Result "1-0"]
[WhiteElo "2220"]
[BlackElo "1990"]
[PlyCount "127"]
[EventDate "1995.??.??"]

{4/(1)} 1. e4 c5 2. Nf3 Nc6 3. d4 cxd4 4. Nxd4 Nf6 5. Nc3 d6 6. Bg5 e6 7. Qd2
a6 8. O-O-O h6 9. Bh4 Nxe4 10. Qf4 Ng5 11. Nxc6 bxc6 12. Qa4 Qb6 13. f4 Nh7 14.
f5 Be7 15. Ne4 Rb8 16. Qa3 Qb4 17. Qxb4 Rxb4 18. Bxe7 Kxe7 19. Nxd6 a5 20. Bc4
Rd8 21. c3 Rb6 22. Nxc8+ Rxc8 23. fxe6 fxe6 24. Rhe1 c5 25. Re5 Nf6 26. Rde1
Rcc6 27. a4 Nd7 28. R5e3 Rd6 29. Rf1 Nf6 30. Rf5 Nd7 31. Bb5 g6 32. Rf1 Rd5 33.
Bxd7 Rxd7 34. Ref3 Rdb7 35. R1f2 e5 36. Rf7+ Ke6 37. Rf8 Kd5 38. Ra8 Kc4 39.
Re8 Kb3 40. Rxe5 Rc6 41. Rf4 Ka2 42. Re2 Kb3 43. h4 c4 44. Re5 Kxa4 45. Kc2 Rb5
46. Re8 Rb7 47. Re5 Rb5 48. Re1 Rd5 49. b3+ Kb5 50. bxc4+ Rxc4 51. Rxc4 Kxc4
52. Re6 Rh5 53. g3 g5 54. Re4+ Kc5 55. Re5+ Kb6 56. Kb3 Kc6 57. Rxa5 Kd6 58. c4
Ke6 59. Rd5 Kf6 60. c5 Kg6 61. c6 gxh4 62. Rxh5 Kxh5 63. gxh4 Kxh4 64. c7 1-0

[Event "Detroit (WCO/2/1)"]
[Site "?"]
[Date "1995.??.??"]
[Round "?"]
[White "Rajlich, Vasik"]
[Black "Vaughn, Gerald"]
[Result "1-0"]
[WhiteElo "2220"]
[BlackElo "1605"]
[PlyCount "63"]
[EventDate "1995.??.??"]

{2/(1)} 1. e4 c5 2. Nf3 Nc6 3. d4 cxd4 4. Nxd4 Nf6 5. Nc3 e5 6. Ndb5 d6 7. Bg5
a6 8. Na3 b5 9. Bxf6 gxf6 10. Nd5 f5 11. Bxb5 Qa5+ 12. c3 axb5 13. Nxb5 Kd7 14.
a4 h5 15. exf5 Nd4 16. b4 Qd8 17. cxd4 Qg5 18. Nb6+ Kd8 19. Qf3 Rb8 20. Qc6 Qe7
21. Rc1 exd4+ 22. Kd1 Bb7 23. Qc7+ Qxc7 24. Rxc7 Be7 25. Rd7+ Ke8 26. Re1 Bc6
27. Rexe7+ Kf8 28. Rxf7+ Kg8 29. Rg7+ Kf8 30. Rdf7+ Ke8 31. Nc7+ Kd8 32. Ne6+
1-0

[Event "Eastpointe (MCO/2/2)"]
[Site "?"]
[Date "1995.??.??"]
[Round "?"]
[White "Rajlich, Vasik"]
[Black "Turner, Keita"]
[Result "1-0"]
[WhiteElo "2220"]
[BlackElo "1900"]
[PlyCount "50"]
[EventDate "1995.??.??"]

{2/(2)} 1. e4 c5 2. Nf3 Nc6 3. d4 cxd4 4. Nxd4 g6 5. c4 Bg7 6. Be3 Nf6 7. Nc3
d6 8. Be2 O-O 9. O-O Qa5 10. f4 Be6 11. f5 Nxd4 12. Bxd4 gxf5 13. exf5 Bxf5 14.
b4 Qxb4 15. Rxf5 e5 16. Rxf6 exd4 17. Nd5 Qb2 18. Rb1 Qxa2 19. Ne7+ Kh8 20. Bd3
Qa5 21. Rb5 Qc3 22. Rh5 h6 23. Rfxh6+ Bxh6 24. Rxh6+ Kg7 25. Nf5+ Kg8 1-0

[Event "Detroit (MI Team/4/2/1)"]
[Site "?"]
[Date "1995.??.??"]
[Round "?"]
[White "Rajlich, Vasik"]
[Black "Tsemekhman, Vadim"]
[Result "0-1"]
[WhiteElo "2205"]
[BlackElo "2475"]
[PlyCount "86"]
[EventDate "1995.??.??"]

{4/2} 1. e4 e6 2. d4 d5 3. Nc3 Nf6 4. Bg5 Be7 5. e5 Nfd7 6. Bxe7 Qxe7 7. Qd2
O-O 8. f4 c5 9. Nf3 Nc6 10. O-O-O a6 11. g3 b5 12. Bh3 b4 13. Ne2 Bb7 14. f5
exf5 15. Bxf5 Nb6 16. Rhe1 c4 17. Qf4 h6 18. g4 b3 19. a3 Na4 20. g5 c3 21.
Nxc3 Nxc3 22. bxc3 h5 23. Kb2 bxc2 24. Bxc2 Na5 25. Nd2 Bc8 26. Rb1 Be6 27. Ka2
Rac8 28. Qf3 Bg4 29. Qd3 g6 30. Qg3 Rc6 31. Re3 Rfc8 32. h3 Be2 33. Bb3 h4 34.
Qxh4 Rxc3 35. Rxe2 Nc4 36. Nxc4 dxc4 37. Reb2 a5 38. Qg4 Rb8 39. d5 a4 40. d6
Rbxb3 41. Rd1 Qxe5 42. Rd4 Rxb2+ 43. Kxb2 Rd3 0-1

[Event "Eastpointe (MCO/5/1)"]
[Site "?"]
[Date "1995.??.??"]
[Round "?"]
[White "Rajlich, Vasik"]
[Black "Thompson, Dexter"]
[Result "1-0"]
[WhiteElo "2220"]
[BlackElo "2370"]
[PlyCount "129"]
[EventDate "1995.??.??"]

{5/(1)} 1. d4 d5 2. c4 c6 3. Nc3 e6 4. e4 Nf6 5. e5 Ne4 6. Nxe4 dxe4 7. Ne2 c5
8. d5 Nd7 9. Bf4 g5 10. dxe6 gxf4 11. exd7+ Bxd7 12. Nxf4 Qc7 13. e6 Qa5+ 14.
Qd2 Qxd2+ 15. Kxd2 fxe6 16. Re1 Bh6 17. g3 Bc6 18. Ke2 O-O-O 19. Bh3 Bxf4 20.
Bxe6+ Kc7 21. gxf4 e3 22. Rhg1 exf2 23. Kxf2 Rd3 24. Re3 Rd2+ 25. Re2 Rd4 26.
Rg7+ Kd6 27. f5 h5 28. Bd5 Bxd5 29. cxd5 Rf4+ 30. Ke1 Rxf5 31. Rxb7 Rg8 32.
Rxa7 Rg1+ 33. Kd2 Rxd5+ 34. Kc2 h4 35. Ra6+ Kd7 36. Rh6 Rg4 37. b3 Rdg5 38.
Rd2+ Kc7 39. a4 Rg6 40. Rxg6 Rxg6 41. Re2 Kc6 42. Kd3 Kd5 43. Re4 Rh6 44. Rg4
h3 45. Rg5+ Kc6 46. Ke4 Rh4+ 47. Ke5 c4 48. b4 c3 49. b5+ Kc5 50. Rg8 Rc4 51.
Rc8+ Kb4 52. Rxc4+ Kxc4 53. b6 c2 54. b7 c1=Q 55. b8=Q Qg5+ 56. Ke4 Qg6+ 57.
Kf4 Qh6+ 58. Kf3 Qc6+ 59. Kg3 Qg2+ 60. Kh4 Kd5 61. Qb3+ Ke5 62. Qc3+ Kd6 63. a5
Qf1 64. a6 Ke6 65. Qxh3+ 1-0

[Event "Detroit (CMS Jun"]
[Site "?"]
[Date "1995.??.??"]
[Round "?"]
[White "Rajlich, Vasik"]
[Black "Thompson, Dexter"]
[Result "1-0"]
[WhiteElo "2205"]
[BlackElo "2210"]
[PlyCount "73"]
[EventDate "1995.??.??"]

{2/1} 1. e4 e5 2. Nf3 Nc6 3. d4 exd4 4. c3 dxc3 5. Bc4 cxb2 6. Bxb2 Bb4+ 7. Nc3
Nf6 8. O-O Bxc3 9. Bxc3 d6 10. Ng5 O-O 11. Qb3 Qe7 12. f4 Nxe4 13. Nxe4 Qxe4
14. Bxf7+ Kh8 15. Qb2 Qe3+ 16. Kh1 Rxf7 17. Rae1 Qxe1 18. Rxe1 Bd7 19. Qxb7
Raf8 20. g3 Ne7 21. Qxa7 Bc6+ 22. Kg1 Nd5 23. Ba1 h6 24. Re6 Nb6 25. Qa3 Bd7
26. Rxh6+ Kg8 27. Rg6 Bf5 28. Rg5 Re8 29. Bxg7 Rxg7 30. Rxf5 Re1+ 31. Kf2 Rge7
32. Rg5+ Kf8 33. Qb2 Ke8 34. Rg8+ Kd7 35. Qb5+ Ke6 36. Rg6+ Kf7 37. Qf5+ 1-0

[Event "Detroit (MI Action/6/1)"]
[Site "?"]
[Date "1995.??.??"]
[Round "?"]
[White "Rajlich, Vasik"]
[Black "Thompson, Dexter"]
[Result "0-1"]
[WhiteElo "2250"]
[BlackElo "2225"]
[PlyCount "128"]
[EventDate "1995.??.??"]

{6/(1)} 1. e4 e5 2. Nf3 Nc6 3. d4 exd4 4. c3 d5 5. exd5 Qxd5 6. cxd4 Bb4+ 7.
Nc3 Bg4 8. Be2 Bxf3 9. Bxf3 Qc4 10. Bxc6+ bxc6 11. Qe2+ Qxe2+ 12. Kxe2 O-O-O
13. Be3 Ne7 14. Kd3 c5 15. Kc4 cxd4 16. Bxd4 Bxc3 17. bxc3 Nc6 18. Rhe1 Nxd4
19. cxd4 Rhe8 20. f4 Kd7 21. Re5 f6 22. Rd5+ Kc8 23. Rxd8+ Kxd8 24. Kd3 Kd7 25.
Rb1 Kc6 26. Rb2 Re1 27. g3 f5 28. d5+ Kxd5 29. Rb7 Kd6 30. Rxa7 Rh1 31. Ra6+ c6
32. Ra7 Rxh2 33. Rxg7 Rxa2 34. Rxh7 Ra3+ 35. Kd4 c5+ 36. Kc4 Ra4+ 37. Kb3 Re4
38. Rg7 Kd5 39. Rg5 Re3+ 40. Kc2 Ke4 41. Kd2 Rd3+ 42. Kc2 Rf3 43. Kd2 c4 44.
Rg8 Ra3 45. Re8+ Kf3 46. Re5 Kg4 47. Rc5 c3+ 48. Kc2 Ra2+ 49. Kxc3 Rg2 50. Kd4
Rxg3 51. Ke5 Re3+ 52. Kf6 Re8 53. Kf7 Re4 54. Kf6 Rxf4 55. Rc3 Ra4 56. Ke5 f4
57. Rc8 f3 58. Rg8+ Kh3 59. Rf8 Kg3 60. Rg8+ Kh2 61. Rf8 Kg2 62. Rg8+ Kf1 63.
Kf5 f2 64. Re8 Kg2 0-1

[Event "Eastpointe (EDO/4/1)"]
[Site "?"]
[Date "1995.??.??"]
[Round "?"]
[White "Rajlich, Vasik"]
[Black "Thompson, Dexter"]
[Result "1-0"]
[WhiteElo "2205"]
[BlackElo "2210"]
[PlyCount "85"]
[EventDate "1995.??.??"]

{4/(1)} 1. e4 e6 2. d4 d5 3. Nc3 Bb4 4. e5 c5 5. a3 cxd4 6. axb4 dxc3 7. Nf3
Qc7 8. Bd3 Ne7 9. O-O Ng6 10. Re1 Bd7 11. bxc3 Qxc3 12. Bd2 Qc7 13. b5 a5 14.
Bb4 Qb6 15. Qd2 Bxb5 16. Bxa5 Rxa5 17. Qxa5 Qxa5 18. Rxa5 Bc6 19. Nd4 O-O 20.
g3 Rc8 21. f4 Bd7 22. Ra8 Ne7 23. Rb1 Nbc6 24. Rxc8+ Bxc8 25. Nb5 Nf5 26. g4
Nfe7 27. Nd6 g6 28. Nxc8 Nxc8 29. Rxb7 Kg7 30. Rc7 N8e7 31. Kf2 Kf8 32. Bb5 Nd4
33. Ba4 h5 34. h3 hxg4 35. hxg4 g5 36. fxg5 Ng6 37. Ke3 Nxe5 38. Kxd4 Nf3+ 39.
Ke3 Nxg5 40. Kf4 Nh3+ 41. Ke5 Kg7 42. Be8 Ng5 43. Bxf7 1-0

[Event "Ann Arbor (MLS Jul/2/3)"]
[Site "?"]
[Date "1995.??.??"]
[Round "?"]
[White "Rajlich, Vasik"]
[Black "Smalec, John"]
[Result "1-0"]
[WhiteElo "2220"]
[BlackElo "1755"]
[PlyCount "74"]
[EventDate "1995.??.??"]

{2/(3)} 1. e4 e6 2. d4 d5 3. Nc3 Bb4 4. e5 b6 5. Qg4 Ne7 6. Qxg7 Rg8 7. Qxh7
Ba6 8. Nf3 Bxf1 9. Kxf1 Nbc6 10. Ne2 b5 11. c3 Ba5 12. Ng5 Rf8 13. Nf4 Qc8 14.
Nh5 Qa6 15. Nf6+ Kd8 16. Nxf7+ Kc8 17. Bh6 b4+ 18. Kg1 Kb7 19. Bxf8 Rxf8 20.
Nd7 Qe2 21. Nxf8 bxc3 22. bxc3 Bxc3 23. Rb1+ Ka6 24. Nxe6 Bxd4 25. Qh4 Bb6 26.
Qa4+ Kb7 27. Nc5+ Kc8 28. Qa6+ Qxa6 29. Nxa6 d4 30. h4 d3 31. Rh3 d2 32. Rd3
Ng6 33. e6 Nxh4 34. Rxd2 Nf5 35. g4 Nh4 36. Rc2 Nd4 37. Rxb6 axb6 1-0

[Event "Detroit (MI Action/4/2)"]
[Site "?"]
[Date "1995.??.??"]
[Round "?"]
[White "Rajlich, Vasik"]
[Black "Skidmore, Mike"]
[Result "0-1"]
[WhiteElo "2250"]
[BlackElo "1935"]
[PlyCount "56"]
[EventDate "1995.??.??"]

{4/(2)} 1. e4 c6 2. d4 d5 3. Nc3 dxe4 4. Nxe4 Nd7 5. Ng5 Ngf6 6. Bd3 e6 7. Ne2
Be7 8. O-O h6 9. Nf3 O-O 10. c4 b6 11. Nf4 Bb7 12. Bc2 Qc7 13. Qd2 Rfe8 14. Re1
Nf8 15. Qe2 Bd6 16. Nd3 N8h7 17. Bd2 Ng4 18. h3 Ngf6 19. Rad1 c5 20. Bc3 cxd4
21. Nxd4 Qxc4 22. Bb3 Qc7 23. Qf1 Ng5 24. Nb5 Bh2+ 25. Kh1 Qb8 26. f3 Nh5 27.
Qf2 Bg3 28. Qe3 Bxe1 0-1

[Event "Eastpointe (EDO/1/1)"]
[Site "?"]
[Date "1995.??.??"]
[Round "?"]
[White "Rajlich, Vasik"]
[Black "Scales, H."]
[Result "1-0"]
[WhiteElo "2205"]
[BlackElo "1605"]
[PlyCount "43"]
[EventDate "1995.??.??"]

{1/(1)} 1. e4 e5 2. Nf3 Nc6 3. d4 exd4 4. c3 dxc3 5. Bc4 cxb2 6. Bxb2 Bb4+ 7.
Nc3 Qf6 8. Qb3 d6 9. O-O Bxc3 10. Bxc3 Ne5 11. Ng5 Nh6 12. f4 O-O 13. Nxf7 d5
14. Bxd5 Nhxf7 15. fxe5 Qb6+ 16. Qxb6 axb6 17. Rxf7 Rxf7 18. Rf1 Ra3 19. Rxf7
Ra8 20. Rf1+ Be6 21. Bxe6+ Kh8 22. Bd7 1-0

[Event "Ann Arbor (MLS Jul/4/1)"]
[Site "?"]
[Date "1995.??.??"]
[Round "?"]
[White "Rajlich, Vasik"]
[Black "Poschel, Paul"]
[Result "1/2-1/2"]
[WhiteElo "2220"]
[BlackElo "2245"]
[PlyCount "110"]
[EventDate "1995.??.??"]

{4/(1)} 1. e4 c5 2. Nf3 e6 3. d4 cxd4 4. Nxd4 Nf6 5. Nc3 Nc6 6. Ndb5 Bb4 7. a3
Bxc3+ 8. Nxc3 d5 9. exd5 exd5 10. Bd3 O-O 11. O-O d4 12. Ne2 Qd5 13. b4 a6 14.
Bb2 Rd8 15. Qd2 b5 16. Rad1 Bb7 17. f3 Rac8 18. Qf4 Qd6 19. Qh4 h6 20. Kh1 Nd5
21. Nxd4 Nxd4 22. Qxd4 Qf6 23. Bf5 Qxd4 24. Rxd4 Rb8 25. Rfd1 Re8 26. Re4 Rxe4
27. Bxe4 Ne3 28. Rd7 Bxe4 29. fxe4 Nc4 30. Bd4 Nxa3 31. c3 Re8 32. e5 Nc4 33.
Rd5 f6 34. exf6 Re1+ 35. Bg1 gxf6 36. Rd7 Ne5 37. Rd6 Ng4 38. h3 Ne3 39. Rxf6
Kg7 40. Rxa6 Nc4 41. Kh2 Re2 42. Bd4+ Kh7 43. Ra7+ Kg6 44. Rg7+ Kf5 45. Rb7 Na3
46. Kg3 h5 47. Rf7+ Kg6 48. Rg7+ Kh6 49. Kf4 Nc2 50. Rg8 Kh7 51. Rg5 Kh6 52. g4
hxg4 53. hxg4 Nxd4 54. Rh5+ Kg6 55. cxd4 Rd2 1/2-1/2

[Event "East Lansing (MEX/3/6)"]
[Site "?"]
[Date "1995.??.??"]
[Round "?"]
[White "Rajlich, Vasik"]
[Black "Mills, J."]
[Result "0-1"]
[WhiteElo "2125"]
[BlackElo "2215"]
[PlyCount "95"]
[EventDate "1995.??.??"]

{3/(6)} 1. e4 c6 2. d4 d5 3. Nd2 dxe4 4. Nxe4 Nf6 5. Nxf6+ gxf6 6. Be2 Bf5 7.
Nf3 e6 8. O-O Qc7 9. c4 Nd7 10. Be3 Rd8 11. d5 Bd6 12. Nd4 Bxh2+ 13. Kh1 Be5
14. Nxf5 exf5 15. f4 Bxb2 16. Rb1 Ba3 17. Qb3 Bc5 18. Rf3 b6 19. Qc2 Kf8 20.
Qxf5 Re8 21. Bxc5+ bxc5 22. Rfb3 Rxe2 23. Rb7 Re1+ 24. Kh2 Qc8 25. Rb8 Qxb8 26.
Rxb8+ Nxb8 27. dxc6 Nxc6 28. Qxf6 Rg8 29. Qh6+ Rg7 30. Qd6+ Re7 31. f5 Ne5 32.
Qb8+ Re8 33. Qxa7 f6 34. Qxc5+ Kg8 35. a4 h6 36. a5 Ree7 37. a6 Rgf7 38. Qb5
Rc7 39. c5 Kg7 40. Kg3 Kh7 41. Qb6 Nd3 42. c6 Ne5 43. Kh4 Rxc6 44. Qe3 Rxa6 45.
Kh5 Ra4 46. g4 Rg7 47. Qxh6+ Kg8 48. g5 0-1

[Event "Detroit (MI Team/3/2/1)"]
[Site "?"]
[Date "1995.??.??"]
[Round "?"]
[White "Rajlich, Vasik"]
[Black "Mahabir, Jagdesh"]
[Result "1-0"]
[WhiteElo "2225"]
[BlackElo "1605"]
[PlyCount "45"]
[EventDate "1995.??.??"]

{3/2} 1. e4 d6 2. d4 Nf6 3. Nc3 g6 4. f4 Bg7 5. Nf3 O-O 6. h3 Nbd7 7. Be3 c5 8.
Qd2 Qb6 9. O-O-O Rd8 10. e5 Ne8 11. Nd5 Qc6 12. Nxe7+ Kh8 13. Nxc6 bxc6 14.
dxc5 dxe5 15. Nxe5 Rb8 16. Nxf7+ Kg8 17. Bd4 Kxf7 18. Bc4+ Kf8 19. Bxg7+ Kxg7
20. Rhe1 Nef6 21. Re7+ Kh8 22. f5 gxf5 23. Qh6 1-0

[Event "Detroit (MI Action/2/2)"]
[Site "?"]
[Date "1995.??.??"]
[Round "?"]
[White "Rajlich, Vasik"]
[Black "Iyer, Krishnan"]
[Result "1-0"]
[WhiteElo "2250"]
[BlackElo "1605"]
[PlyCount "21"]
[EventDate "1995.??.??"]

{2/(2)} 1. e4 c5 2. Nf3 Nc6 3. d4 cxd4 4. Nxd4 Nf6 5. Nc3 a6 6. Nxc6 bxc6 7. e5
Ng8 8. Bc4 d5 9. Nxd5 cxd5 10. Bxd5 Rb8 11. Bxf7+ 1-0

[Event "Detroit (MI Team/1/2/1)"]
[Site "?"]
[Date "1995.??.??"]
[Round "?"]
[White "Rajlich, Vasik"]
[Black "Grams, Paul"]
[Result "1/2-1/2"]
[WhiteElo "2205"]
[BlackElo "1805"]
[PlyCount "108"]
[EventDate "1995.??.??"]

{1/2} 1. e4 c5 2. Nf3 d6 3. d4 cxd4 4. Nxd4 Nf6 5. Nc3 a6 6. Bg5 e6 7. f4 Be7
8. Qf3 Nbd7 9. Bc4 Nc5 10. O-O-O Qc7 11. Bxf6 Bxf6 12. f5 O-O 13. a3 Bd7 14.
Ba2 Rae8 15. g4 Na4 16. Nxa4 Bxa4 17. Qg2 Qb6 18. c3 exf5 19. Nxf5 Bxd1 20.
Rxd1 Be5 21. g5 g6 22. Nh6+ Kg7 23. Rd3 f6 24. gxf6+ Bxf6 25. Nf5+ Kh8 26. Qxg6
Qf2 27. Qh6 Be5 28. Kd1 Qf4 29. Rh3 Qxh6 30. Rxh6 Rf6 31. Rxf6 Bxf6 32. Bd5 Be5
33. h4 b6 34. Kc2 Rf8 35. Bc4 a5 36. Kb3 Rc8 37. Be6 Rc7 38. Ka4 h5 39. Kb5 Rb7
40. Kc6 Rb8 41. Bf7 b5 42. Bxh5 b4 43. axb4 axb4 44. Bf7 bxc3 45. bxc3 Rc8+ 46.
Kd7 Rxc3 47. h5 Rc1 48. Be6 Re1 49. Bd5 Rh1 50. h6 Kh7 51. Ke7 Rf1 52. Ne3 Rf6
53. Ng4 Rg6 54. Be6 Rxg4 1/2-1/2

[Event "Troy (TCC/4/5)"]
[Site "?"]
[Date "1995.??.??"]
[Round "?"]
[White "Rajlich, Vasik"]
[Black "Gipson, John"]
[Result "0-1"]
[WhiteElo "2220"]
[BlackElo "1890"]
[PlyCount "68"]
[EventDate "1995.??.??"]

{4/(5)} 1. e4 e6 2. d4 d5 3. Nc3 Nf6 4. Bg5 Be7 5. e5 Nfd7 6. Bxe7 Qxe7 7. Qd2
a6 8. f4 c5 9. Nf3 Nc6 10. O-O-O b5 11. g4 Nb6 12. h4 b4 13. Nb1 c4 14. Bh3 g6
15. f5 Na4 16. c3 Rb8 17. Qc2 b3 18. axb3 Rxb3 19. Nbd2 Rxc3 20. Qxc3 Nxc3 21.
bxc3 Qa3+ 22. Kc2 Qa2+ 23. Kc1 Nb4 24. cxb4 c3 25. Rdf1 Qb2+ 26. Kd1 cxd2 27.
Rh2 Qc1+ 28. Ke2 Bd7 29. Nxd2 Bb5+ 30. Ke3 Qc3+ 31. Kf4 Qxd4+ 32. Kg5 Bxf1 33.
Bxf1 Qxe5 34. Re2 h6# 0-1

[Event "East Lansing (MEX/5/7)"]
[Site "?"]
[Date "1995.??.??"]
[Round "?"]
[White "Rajlich, Vasik"]
[Black "Gabbara, Faris"]
[Result "1/2-1/2"]
[WhiteElo "2125"]
[BlackElo "2170"]
[PlyCount "116"]
[EventDate "1995.??.??"]

{5/(7)} 1. e4 e5 2. Nf3 Nf6 3. Nxe5 d6 4. Nf3 Nxe4 5. d4 d5 6. Bd3 Nc6 7. O-O
Bg4 8. Re1 Be7 9. c4 Nf6 10. cxd5 Bxf3 11. Qxf3 Qxd5 12. Be4 Nxe4 13. Rxe4
O-O-O 14. Nc3 Qd7 15. d5 Nb4 16. Qxf7 Nxd5 17. Rd4 c6 18. Nxd5 cxd5 19. Bf4 Bd6
20. Rc1+ Kb8 21. Bxd6+ Qxd6 22. Qxg7 Rhg8 23. Qf7 Rgf8 24. Qg7 Rg8 25. Qf7 Rgf8
26. Qh5 Rxf2 27. Qxh7 Rdf8 28. Qg7 a6 29. h4 Rxb2 30. Rxd5 Qb6+ 31. Qd4 Qxd4+
32. Rxd4 Rff2 33. Rg4 Rxa2 34. h5 Rf6 35. Rc5 Rd2 36. Kh2 Rd7 37. Rg8+ Ka7 38.
g4 Rd3 39. Rf5 Rc6 40. Rgf8 Rc2+ 41. Rf2 Rcc3 42. R8f6 Rh3+ 43. Kg1 Rc1+ 44.
Kg2 Rch1 45. Re6 R1h2+ 46. Kf1 Rh1+ 47. Ke2 Rg3 48. Rg6 Ra1 49. Rf4 Ra2+ 50.
Kf1 Rgg2 51. Rgf6 a5 52. R6f5 b6 53. Rc4 a4 54. Rxa4+ Rxa4 55. Kxg2 Rxg4+ 56.
Kf3 Rg7 57. Ke4 Ka6 58. Ke5 b5 1/2-1/2

[Event "East Lansing (MI Op/4/3)"]
[Site "?"]
[Date "1995.??.??"]
[Round "?"]
[White "Rajlich, Vasik"]
[Black "Everett, Morgan"]
[Result "1-0"]
[WhiteElo "2255"]
[BlackElo "2140"]
[PlyCount "133"]
[EventDate "1995.??.??"]

{4/(3)} 1. e4 e5 2. Nf3 Nc6 3. d4 exd4 4. c3 dxc3 5. Bc4 Bb4 6. O-O d6 7. a3
Ba5 8. b4 Bb6 9. Qb3 Bg4 10. Bxf7+ Kf8 11. Bxg8 Rxg8 12. Ng5 Qe8 13. Nxc3 h6
14. h3 hxg5 15. hxg4 Rh8 16. Be3 Qe5 17. g3 Nd4 18. Qd1 Kg8 19. Kg2 Ne6 20.
Bxb6 axb6 21. Qd5 Qxd5 22. exd5 Nd4 23. Rfd1 c5 24. dxc6 Nxc6 25. b5 Ne5 26.
Rxd6 Rh6 27. Rd4 Rc8 28. Nd5 Rc5 29. Re1 Rh2+ 30. Kxh2 Nf3+ 31. Kh1 Nxd4 32.
Re8+ Kf7 33. Re7+ Kf8 34. Re5 Nxb5 35. a4 Nd4 36. Rxg5 Ra5 37. Kg2 Kf7 38. f4
g6 39. Re5 Nc6 40. Rg5 Nd4 41. Nxb6 Rxg5 42. fxg5 Nb3 43. Kf3 Ke6 44. Ke4 Nd2+
45. Kd4 Nf3+ 46. Kc5 Ne5 47. a5 Nd3+ 48. Kc4 Ne5+ 49. Kb5 Ke7 50. Kc5 Ke6 51.
Nc4 Nd7+ 52. Kd4 Nf8 53. Kc5 Nd7+ 54. Kd4 Nf8 55. Ne5 Kd6 56. Nd3 Nd7 57. Nf4
Nf8 58. Ke4 Ke7 59. Kd5 Kd7 60. Kc5 Kc7 61. Kd5 Kd7 62. Nd3 Kc7 63. Ne5 Kc8 64.
Kd6 Kd8 65. Nd3 Nh7 66. Nf4 Nxg5 67. Ne6+ 1-0

[Event "Eastpointe (MCO/4/1)"]
[Site "?"]
[Date "1995.??.??"]
[Round "?"]
[White "Rajlich, Vasik"]
[Black "Elieff, K."]
[Result "1-0"]
[WhiteElo "2220"]
[BlackElo "2330"]
[PlyCount "39"]
[EventDate "1995.??.??"]

{4/(1)} 1. e4 c5 2. Nf3 a6 3. c4 e6 4. d4 cxd4 5. Nxd4 Nf6 6. Nc3 Bb4 7. Bd3
Bxc3+ 8. bxc3 Qc7 9. Ba3 d5 10. exd5 Nxd5 11. O-O Ne7 12. Qg4 g6 13. Qh4 Nbc6
14. Qf6 Rg8 15. Rad1 e5 16. Bd6 Qa5 17. Rfe1 Qd8 18. Bxe5 Nxe5 19. Rxe5 Kd7 20.
Bf5+ 1-0

[Event "East Lansing (MI Op/6/5)"]
[Site "?"]
[Date "1995.??.??"]
[Round "?"]
[White "Rajlich, Vasik"]
[Black "Baze, Lineas"]
[Result "1-0"]
[WhiteElo "2255"]
[BlackElo "2050"]
[PlyCount "49"]
[EventDate "1995.??.??"]

{6/(5)} 1. e4 c5 2. Nf3 e6 3. d4 cxd4 4. Nxd4 a6 5. c4 Nc6 6. Nc3 d6 7. Be3 Nf6
8. Be2 Be7 9. O-O O-O 10. g4 Nd7 11. f4 Rb8 12. Rf3 Nc5 13. Rh3 Nxd4 14. Bxd4
e5 15. fxe5 Ne6 16. Nd5 Nxd4 17. Qxd4 dxe5 18. Qxe5 Bd6 19. Qh5 h6 20. b4 Re8
21. Rf1 Rf8 22. Nf6+ Kh8 23. Qg5 Bf4 24. Rxf4 Qd4+ 25. Kg2 1-0

[Event "Troy (TCC/2/1)"]
[Site "?"]
[Date "1995.??.??"]
[Round "?"]
[White "Rajlich, Vasik"]
[Black "Antonio, A."]
[Result "0-1"]
[WhiteElo "2220"]
[BlackElo "2495"]
[PlyCount "82"]
[EventDate "1995.??.??"]

{2/(1)} 1. e4 c6 2. d4 d5 3. exd5 cxd5 4. c3 Nc6 5. Bf4 Nf6 6. Bd3 g6 7. h3 Bg7
8. Nf3 O-O 9. O-O Bf5 10. Na3 Bxd3 11. Qxd3 Ne4 12. Rfe1 a6 13. Re2 e6 14. Nc2
Rc8 15. Rae1 h5 16. Nd2 Nd6 17. Qg3 Nf5 18. Qf3 Qf6 19. Nb3 g5 20. Bc1 Qg6 21.
Ne3 Nd6 22. g4 hxg4 23. Nxg4 Nf5 24. Qg2 b5 25. Nh2 Bf6 26. Nf3 Kh7 27. Nxg5+
Bxg5 28. Bxg5 Rg8 29. f4 b4 30. Kh2 bxc3 31. bxc3 Na7 32. Nc5 Nb5 33. Nd7 Nxc3
34. Rb2 Ne4 35. Rxe4 dxe4 36. Qxe4 Rgd8 37. Rb7 Nd6 38. Qxg6+ Kxg6 39. Ra7 Rc2+
40. Kg3 Rdc8 41. Ne5+ Kh5 0-1

[Event "East Lansing (Beg/2/3)"]
[Site "?"]
[Date "1995.??.??"]
[Round "?"]
[White "Quander, M."]
[Black "Zarobinski, R."]
[Result "1-0"]
[WhiteElo "1605"]
[BlackElo "1605"]
[PlyCount "85"]
[EventDate "1995.??.??"]

{2/(3)} 1. e4 e5 2. Nf3 Nc6 3. Bb5 a6 4. Ba4 b5 5. Bb3 Nf6 6. d3 Bb4+ 7. c3 Bc5
8. O-O Ng4 9. Qe2 d6 10. Bd5 Bd7 11. d4 exd4 12. cxd4 Bb6 13. Nc3 Nf6 14. Be3
Rb8 15. Rac1 O-O 16. Nxb5 axb5 17. Bxc6 Bg4 18. Bg5 Bxd4 19. Bxf6 Qxf6 20. Rc2
Be5 21. Bxb5 Qg6 22. Bd3 Rb5 23. Bxb5 Qh6 24. Qc4 Bxf3 25. h3 Bh5 26. Qxc7 g6
27. a4 Qf4 28. g3 Qxe4 29. a5 Qf5 30. g4 Qf4 31. Re1 Qh2+ 32. Kf1 Qh1+ 33. Ke2
Qe4+ 34. Kd1 Qd5+ 35. Kc1 Bf4+ 36. Kb1 Qxb5 37. gxh5 Qf5 38. a6 d5 39. Qc5 Bb8
40. a7 Bf4 41. Qa5 Ra8 42. Qc3 Rxa7 43. Re8# 1-0

[Event "East Lansing (Beg/4/2)"]
[Site "?"]
[Date "1995.??.??"]
[Round "?"]
[White "Quander, M."]
[Black "Assem, N."]
[Result "0-1"]
[WhiteElo "1605"]
[BlackElo "1605"]
[PlyCount "72"]
[EventDate "1995.??.??"]

{4/(2)} 1. e4 e5 2. Nf3 Nc6 3. Bb5 a6 4. Bxc6 dxc6 5. O-O Bd6 6. Nc3 Bg4 7. d3
Ne7 8. Bg5 Qd7 9. Qd2 Bxf3 10. Bxe7 Bxe7 11. gxf3 O-O-O 12. Kh1 Qh3 13. Qe3 Rd6
14. f4 Qh5 15. fxe5 Qxe5 16. Qg3 Qh5 17. Qxg7 Rdd8 18. Qg3 Rhg8 19. Qe3 b6 20.
d4 Rg6 21. f4 Rdg8 22. Rg1 Bh4 23. Rxg6 hxg6 24. Qh3+ Kb7 25. Rg1 Rh8 26. f5 g5
27. Qg4 Qh6 28. d5 Be1 29. Rg2 Bxc3 30. bxc3 cxd5 31. exd5 Qd6 32. Qd4 Rh4 33.
Qd3 f6 34. h3 Rf4 35. Qg3 Qxd5 36. Qd3 Kc6 0-1

[Event "Troy (US Am N/2/37)"]
[Site "?"]
[Date "1995.??.??"]
[Round "?"]
[White "Quander, K."]
[Black "Yahkind, Andrew"]
[Result "1-0"]
[WhiteElo "1605"]
[BlackElo "1605"]
[PlyCount "49"]
[EventDate "1995.??.??"]

{2/(37)} 1. d4 d5 2. Nf3 Nc6 3. c4 Nf6 4. cxd5 Nxd5 5. e4 Nb6 6. d5 Nb8 7. Nc3
e6 8. Qb3 c6 9. Be3 cxd5 10. Bxb6 axb6 11. exd5 exd5 12. Qxd5 Qxd5 13. Nxd5 Nd7
14. Nc7+ Ke7 15. Nxa8 b5 16. Bxb5 Ke6 17. O-O Bd6 18. Bxd7+ Bxd7 19. Nb6 Bc5
20. Rfe1+ Kd6 21. Rad1+ Kc7 22. Nxd7 Bb4 23. Re4 Ba5 24. b4 Bb6 25. Rc4+ 1-0